El concepto de lo político: texto de 1932 con un prólogo y tres corolarios

Gardado en:
Detalles Bibliográficos
Autor Principal: Schmitt, Carl, 1888-1985 (Author)
Formato: Libro
Idioma:Lingua castelá
Publicado: Madrid Alianza 2014
Edición:2a. ed
Subjects:
Tags: Engadir etiqueta
Sen Etiquetas, Sexa o primeiro en etiquetar este rexistro!

MARC

LEADER 00000cam a2200000 a 4500
001 UCD8774
003 CL-VaPUC
008 170527e20140000sp |||||||||||||||||spa|d
020 |a 9788420683836 
082 0 4 |a 320  |b SCH  |2 21 
100 |a Schmitt, Carl,  |d 1888-1985  |e author  |9 258380 
245 1 3 |a El concepto de lo político: texto de 1932 con un prólogo y tres corolarios 
250 |a 2a. ed 
300 |a 183 p 
942 |c BK 
945 |d 20170527 00:32:00  |a dcastane 
260 |a Madrid  |b Alianza  |c 2014 
650 0 |a Ciencias Políticas  |9 255201 
650 7 |a FILOSOFIA POLITICA  |2 CL-VaPUC  |9 592277 
583 |a last modification  |c 20170527 00:32:00  |k Rodrigo Vera 
999 |c 368083  |d 368081 
952 |0 0  |1 0  |3 erb  |4 0  |6 320_000000000000000_SCH_2014  |7 0  |8 A  |9 483342  |a BIBEDU  |b BIBEDU  |i 5377269  |l 1  |o 320 SCH 2014  |p 5377269  |r 2022-04-08  |s 2022-04-01  |w 2019-11-24  |y BK  |z Catalogado en:20170527  |k FIL